Slovenský sochár portretuje Scota Viatora

Podrobná bibliografia
Médium: Článok
Jazyk:slovenčina
Predmet:

MARC

LEADER 00000nab a22000001a 4500
001 vtls010306905
003 SK-MaSNL
005 20260304055003.0
008 110828d19370616xo |r|p|||| |000 b|slo
015 |a SNBRRBVU1918-1938 
038 |a SNKBUCL 
038 |a SNKBUVU 
040 |a SNKBUVU  |b slo  |c SNKBUCL  |e AACR2 
041 0 |a slo 
044 |a xo  |c SK 
080 |a 730.071.1  |2 1997 
080 |a 730.027  |2 1997 
245 0 0 |a Slovenský sochár portretuje Scota Viatora 
500 |a V rubrike Drobničky 
600 1 7 |a Ihriský, Vojtech,  |d 1899-1988  |2 MM  |9 146616 
600 1 7 |a Seton-Watson, Robert William,  |d 1879-1951  |2 MM  |9 190897 
650 0 7 |a slovenské sochárstvo  |2 MM  |9 3052 
650 0 7 |a pamätné tabule  |2 MM  |9 29445 
650 0 7 |a busty  |2 MM  |9 29694 
651 7 |a Anglicko  |2 snkbucl  |9 168041 
773 0 |t Slovenský ľud  |g Roč. 17, č. 24 (16.6.1937), s. 332 
852 |a SNK  |b KIS3GCP 
910 |a snkrbvumm 
958 |a VY 
999 |c 2721767  |d 2723697